| 000 | 00476nam a2200145 4500 | ||
|---|---|---|---|
| 008 | 01987 0a 000 0USA | ||
| 020 | _a0-07-015788-X | ||
| 050 | _aQA76.73.C25 L58 | ||
| 082 | _a001.642.4 L218s | ||
| 100 | _aLitecky, Charles R. | ||
| 245 | _aStructured Cobol : A Step By Step Approach / Charles R. Litecky, Gordon B. Davis | ||
| 260 | _aUnited States of America : McGraw-Hill | ||
| 300 | _axi, 401 p. / 28 cm. | ||
| 650 | _a1.PROGRAMACIÓN ESTRUCTURAL | ||
| 999 |
_c12274 _d12274 |
||